| 000 | 02370cam a2200649 4500 | ||
|---|---|---|---|
| 999 |
_c23382 _d23382 |
||
| 001 | vtls011877190 | ||
| 005 | 20221006112323.0 | ||
| 008 | 210701s2019 xo oa grh 000 faslo | ||
| 020 |
_a9788089666737 _q(viazané) |
||
| 035 | _aurn:nbn:sk:snk-am00fgng | ||
| 035 | _aurn:nbn:sk:snk-am3isyw | ||
| 035 | _a5BAB0E8E-3A13-4E11-A7CF-8223B1E48AE8 | ||
| 040 |
_aPPPK _bslo _cPPPK _dSNK _erda |
||
| 041 | 1 |
_aslo _hger |
|
| 044 |
_axo _cSK |
||
| 072 | 7 |
_a929 _xBiografie _2konspekt |
|
| 080 |
_a101-055.2 _22011 |
||
| 080 |
_a929 _22011 |
||
| 080 |
_a(=411.16) _22011 |
||
| 080 |
_a323.12"1939/1945" _22011 |
||
| 080 |
_a[323.28:329.17]-058.6 _22001 |
||
| 080 |
_a2-36-055.2 _22011 |
||
| 080 |
_a(430) _22011 |
||
| 080 |
_a(092) _22011 |
||
| 100 | 1 |
_aStein, Edith, _csvätá, _d1891-1942 _4aut _93567 |
|
| 240 | 1 | 0 |
_aAus dem Leben einer jüdischen Familie _lSlovensky |
| 245 | 1 | 0 |
_aPríbeh jednej židovskej rodiny _b(autobiografia) _cEdita Steinová ; z nemeckého originálu Edith Stein Aus dem Leben einer jüdischen Familie preložil, poznámky a stručný životopis napísal Milan Krankus |
| 250 | _aPrvé slovenské vydanie | ||
| 264 | 1 |
_aBratislava _bEurópa _c2019 |
|
| 300 |
_a269 strán _bfotografie, ilustrácie _c24 cm |
||
| 336 |
_atext _btxt _2rdacontent |
||
| 337 |
_abez média _bn _2rdamedia |
||
| 338 |
_azväzok _bnc _2rdacarrier |
||
| 490 | 1 |
_aAuris _vZväzok XIII. |
|
| 500 | _aPublikáciu z verejných zdrojov podporil Fond na podporu umenia | ||
| 600 | 1 | 7 |
_aStein, Edith, _csvätá, _d1891-1942 _2SNKMA _93567 |
| 648 | 7 |
_a19.-20. storočie _2SNKPH _92202 |
|
| 648 | 7 |
_a19th-20th centuries _2SNKPHeng _93568 |
|
| 650 | 0 | 7 |
_afilozofky _2SNKPH _93569 |
| 650 | 0 | 7 |
_asvätice _2SNKPH _93570 |
| 650 | 0 | 7 |
_aŽidia _2SNKPH _91732 |
| 650 | 0 | 7 |
_aholokaust (1939-1945) _2SNKPH _91733 |
| 650 | 0 | 7 |
_aobete nacizmu _2SNKPH _93571 |
| 650 | 0 | 7 |
_aWomen philosophers _2SNKPHeng _93572 |
| 650 | 0 | 7 |
_aChristian women saints _2SNKPHeng _93573 |
| 650 | 0 | 7 |
_aJews _2SNKPHeng _91737 |
| 650 | 0 | 7 |
_aHolocaust, 1939-1945 _2SNKPHeng _91738 |
| 650 | 0 | 7 |
_aVictims of Nazism _2SNKPHeng _93574 |
| 651 | 7 |
_aNemecko _2SNKPHgeo _93575 |
|
| 651 | 7 |
_aGermany _2SNKPHeng _93576 |
|
| 655 | 7 |
_aautobiografie _2SNKPH _91792 |
|
| 655 | 7 |
_aAutobiography _2SNKPHeng _91793 |
|
| 700 | 1 |
_aKrankus, Milan _c(prekladateľ) _4trl _4oth _93577 |
|
| 958 | _aOND | ||
| 958 | _aBX | ||
| 958 | _aUP | ||